000 00732nam a2200229Ia 4500
003 OSt
005 20221007064420.0
006 a|||||r|||| 00| 0
007 ta
008 221006b |||||||| |||| 00| 0 eng d
024 _a35,524
037 _cReference Collections
040 _aFLL
_cFLL
_beng
041 _2eng
_aeng
110 _aGovt. of India, Ministry of law, justice and company affairs
_9685759
245 0 _aIndia code (Vol. XXII) (As on the Ist Nov. 2000)
260 _aDelhi
_bConrroller of Publication, Govt. of India India
_c2000
300 _a254p
_ccm.
700 _aGovt. of India, Ministry of law, justice and company affairs
_9685760
942 _cREF
_2CC
999 _c1133971
_d1133971